000 00284nam a22001337a 4500
008 170707b xxu||||| |||| 00| 0 eng d
020 _a9780312153113
041 _aeng
080 _27TH
_a82
100 _a22
101 _aGJL
245 _aLITERATURE
_cABCARIAN,R
942 _2udc
_cBK
999 _c20042
_d20042